000 00910nam a2200193 i 4500
001 180574
003 ES-MaACL
005 20230906221133.0
008 120614s1975 sp |||| | spa d
080 _a551.781(467.11)(043.2)
100 1 _aMasriera González de Villaumbrosia, Alicia.
_9150556
245 1 0 _aContribución al estudio petrológico y sedimentológico del Paleógeno de la depresión central catalana, limítrofe al curso medio del Llobregat (Barcelona) /
_cpor Alicia Masriera González de Villaumbrosia.
260 _aBarcelona :
_bUniversidad de Barcelona, Secretariado de Publicaciones, Intercambio Científico y Extensión Universitaria,
_c1975.
300 _a21 p. :
_bgrab. ;
_c24 cm.
502 _aResumen de tesis--Universidad Barcelona (Extracto)
650 4 _aEstratigrafía-
_zBarcelona.
_9150557
710 2 _aUniversidad de Barcelona.
_97141
852 _aES-MaACL
_jE-15362(135)
999 _c180574
_d180574